000 00344nam a22001457a 4500
003 macl
005 20180421160429.0
008 180421b xxu||||| |||| 00| 0 eng d
040 _cMACL
100 _aSankar Sen
_9724
245 _aPolice reforms
260 _aDelhi
_bAnuugya books
_c2016
650 _apolice reforms
_972236
942 _2ddc
_cBK
999 _c57867
_d57867